| 000 | 01013nam a2200241Ia 4500 | ||
|---|---|---|---|
| 003 | Ost | ||
| 005 | 20260507075039.0 | ||
| 008 | 260507s9999||||xx |||||||||||||| ||und|| | ||
| 040 | _cfsecg | ||
| 041 | _aara | ||
| 082 | _a330 | ||
| 100 |
_aعاشور، نعيم العبد _eمؤلف |
||
| 245 | 0 |
_aمبادئ التسويق / _c نعيم العبد عاشور |
|
| 250 | _aطبعة 2 | ||
| 260 |
_aعمان: _bدار اليازوري, _c2006 |
||
| 300 |
_a155 صفحة؛ _bإيضاحات ؛ _c25 سم |
||
| 520 | _aمقدمة في التسويق-البيئة التسويقية-سلوك المستهلك-سلوك الشراء في السوق الصناعي-التسعير-تقسيم السوق-سياسات وقرارات السلع-تطوير السلع الجديدة-قنوات التوزيع-الترويج | ||
| 653 | _aادارة المبيعات | ||
| 653 | _aالتسويق | ||
| 653 | _aالمستهلكون | ||
| 700 |
_aعودة، رشيد نمر _eمؤلف ثانوي |
||
| 942 | _cكتاب | ||
| 999 |
_c42484 _d42484 |
||